000 00322nam a22001457a 4500
008 231012b ||||| |||| 00| 0 eng d
020 _a9780812918533
041 _aeng
080 _a521
082 _a521LER
100 _a19
101 _aASTRO
245 _aTHE BIG BANG NEVER HAPPENED
_cLERNER .E
942 _2udc
_cBK
999 _c60442
_d60442